000 01112nam a2200253 a 4500
001 000041510
005 20201002034944.0
008 131009s1986 sp a 000 0 spa d
020 _a8400039807
040 _aDO-SdBNP
_bspa
_cBNPHU
082 _axxx
_bU41i
100 1 _aUllmann, Stephen
_968219
240 1 0 _aPrécis de sémantique francaise.
_lEspañol
245 1 0 _aIntroducción a la semántica francesa /
_cS. Ullmann ; traducción y anotación por Eugenio de Bustos Tovar.
260 _aMadrid :
_bConsejo Superior de Investigaciones Científicas, Instituto de Filología Espanñola,
_c1986.
300 _axvi, 487 p. :
_bil. ;
_c21 cm.
490 1 _aPublicaciones de la revista de filología española
_v15
500 _aIncluye datos biográficos del autor en la solapa de la cubierta
500 _aLa biblioteca posee la segunda reimpresión
500 _aIncluye referencias bibliográficas y notas al pie de las páginas.
504 _aBibliografía: p. 447-452
700 1 2 _aBustos Tovar, Eugenio de
_epról.
_968220
830 0 _aPublicaciones de la revista de filología española
_n15
_968221
999 _c41000
_d41000